00602nam a22002057a 450000500170000001000130001702000250003003500130005503700160006804000120008408200180009610000210011424500480013526000370018327000570022030000250027750000400030265000280034265000260037020170124105919.0 aB-217675 c700.00a818858385503 aB-217675 bCen Lib/Ret aDPLbEN a338.4791bAGA aAgarwal, Prateek aInternational tourism /cby Prateek Agarwal aNew DelhibReference Pressc2005 a4831/24, Ansari Road, Dariya GanjbNew Delhie110002 avii, 336p.c24cm(Hb) aIncludes bibliographical reference  aTourism and hospitality aGlobal tourist places